000 00358nam a2200133Ia 4500
005 20260328104334.0
008 260328s9999||||xx |||||||||||||| ||und||
100 _aLischetti, Mirtha
245 0 _aUniversidades Latinoamericanas /
_cMirtha Lischetti
260 _bFacultad de Filosofia y Letras UBA
300 _a259 p.
650 _aARGENTINA
942 _cBK
999 _c11824
_d11824